Estatísticas para Cultura Geral

Clique aqui para jogar o quiz

Estatísticas Gerais

  • Esse quiz foi jogado 15 vezes
  • A pontuação média é 6 de 15

Estatísticas das Respostas

HintResposta% Correto
Em que país podemos encontrar o Aeroporto de Istambul?Turquia
100%
Que nome damos a um espaço territorial que reúne edifícios e infraestrutura de uma instituição de ensino, geralmente uma universidade?Campus
75%
Em que país podemos encontrar Montreal?Canadá
67%
Em que país podemos encontrar a sede da empresa Moody's?Estados Unidos
67%
Em que estado dos EUA podemos encontrar a cidade de Santa Fé?Novo México
58%
Que nome damos a um indivíduo que recebe formação e instrução de um ou vários professores ou mestres para adquirir ou ampliar conhecimentos?Aluno
50%
Que nome damos á formação de uma camada de cristais de gelo sobre plantas ou sobre outras superfícies, devido à queda de temperatura?Geada
50%
Que nome damos a um veículo ferroviário que fornece força motriz a um comboio?Locomotiva
50%
Que estreito liga os oceanos Pacífico e Ártico, entre a Rússia e os Estados Unidos?Bering
33%
Que nome damos a um tecido encorpado, usualmente bordado, usado para revestir e decorar pisos?Tapete
33%
Que atividade consiste na idealização, criação e desenvolvimento de um produto?Design
8%
Que nome damos a uma união política de territórios parcialmente autónomos sob um governo central?Federação
8%
Que nome damos a uma divisão territorial de nível superior utilizada em muitos países?Província
8%
Que nome damos a uma uma propriedade rural onde geralmente existe uma habitação e em sua volta, campos para criação de gado?Rancho
8%
Que nome damos a uma área da superfície terrestre que apresenta características naturais?Região
0%

Distribuição das Pontuações

Percentil de Números Respondidos

Porcentagem de Pessoas com Cada Pontuação

Sua Pontuação Histórica

Você não jogou esse quiz